000 00389nam a2200145Ia 4500
008 231129s2003||||xx |||||||||||||| ||spa||
020 _a958-42-0660-5
040 _bspa
082 _aCo863 G677b
100 _aGossaí­n Juan
245 0 _aLa balada de Marí­a Abdala
260 _c2003
264 _aBogotá Colombia: Planeta
942 _2ddc
_cBKS
999 _c16451
_d16451